000 00824nam a22002417a 4500
005 20240530110625.0
008 170103s2015 ua g b 000 1 ara d
017 _a2014/22661
_bمصر. دار الكتب
020 _a9789770933190
040 _aEG-CaGPL
_cEG-CaGPL
082 0 4 _221
_a810.80384\
_bأ ن
100 0 _aاحمد العسيلى
245 1 0 _aنص كتاب /
_cاحمد العسيلى
250 _aط. 1
260 _aالقاهرة :
_bدار الشروق ،
_c2015.
300 _a147 ص. ؛
_c19 سم.
504 _aيشتمل على ارجاعات ببليوجرافية
650 0 7 _2qrmak
_aالادب العربى
650 0 7 _2qrmak
_aالثقافة العربية
650 0 7 _2qrmak
_aالادب العربى
_xفلسفة
942 _2ddc
_cBK
999 _c63134
_d63134